000 00195 a2200097 4500
001 45428
100 _a
245 _aA vanished present
260 _aMelbourne
_bOxford
_c
090 _c28592
_d28592
942 _aNUST-CAE
_c
_c20660
999 _c280501
_d280501